000 00428nam a2200157 i 4500
001 22744
003 ES-MaACL
005 20230906152742.0
007 t|
008 021204s1972 sp ||||1| gao d
100 1 _aAlvarez Pousa, Luis.
_920917
245 1 0 _aOs cas da vida /
_cLuis Alvarez Pousa.
260 _aMonforte de Lemos (Lugo) :
_b[s.n.],
_c1972.
300 _a43 p. ;
_c22 cm.
852 _aES-MaACL
_jC-47518
_bR.81915
999 _c22744
_d22744